01549 a2200193 45000010006000000050017000060080041000230030015000640400040000790800039001192450045001580200022002032640034002253000026002595050889002851000021011747000023011958560137012181042520260407155437.0260407a2011 arg spa dAR-UNSa-BCEJYS aAR-UNSa-BCEJYSbspacAR-UNSa-BCEJYS a657.6xAuditoria (control interno)10aDue diligence para abogados y contadores a978-987-01-1213-6 1aBuenos Aires :bErreparc2011 axxxvi, 583 p.c22 cm. a1. El concepto de due diligence para abogados - 2. El concepto de due diligence para contadores - 3. La etapa preliminar en la estructuración del due diligence legal y contable-tributario - 4. Etapas en la evolución de un due diligence legal y contable-tributario - 5. Consideraciones adicionales respecto de las etapas de un due diligence contable - 6. ¿Qué son las contingencias? - 7. Análisis de riesgos en el due diligence - 8. Due diligence para la compra de un fondo de comercio - 9. Due diligence para la adquisición de control sobre una compañía objetivo - 10. Due diligence sobre temas jurídicos estructurales - 11. Due diligence laboral - 12. Due diligence previsional - 13. Naturaleza del trabajo del due diligence contable - 14. Procedimientos básicos de un due diligence contable - 15. Due diligence impositivo - 16. Informe del due diligence contable 1 aPapa, Rodolfo G.1 aEguía, José L.41uhttps://biblioeco.unsa.edu.ar/pmb/images/libros/Due Diligence para Abogados y Contadores2-l118710.jpgyImagen de portadaqimage/jpeg